01352namaa22003131i 450000500170000000800410001704000430005804100180010104900130011909700090013209900320014110000390017324501920021224601320040426400100053630000460054633600220059233700250061433800230063950200420066250400340070465300380073870000390077670000340081590001390084990500200098894200190100899900110102720260630104419.0260630s1994 ua a|||frm||| 000 0 eng d aEG-GICUCbengcEG-GICUCdEG-GICUCerda0 aengbengbara aDeposite aPh.D aCai01.21.02.Ph.D.1994.Sh.E.0 aShams ELDin Moussa, epreparation.10aEffect Of Physical Exercises On Pulmonary Functions Of Paraplegic Patients / cBy Shams ELDin Moussa; Supervisors Prof.Dr. Azza A. Abdl Hady, Prof.Dr. M. Reda Awad.bRemainder of title / 15aأثر التمرينات العلاجية على وظائف الرئه لمرضى الشلل النصفى السفلى / 0c1994. a171 pages : billustrations ; c30 cm. +  2rda contentatext 2rdamediaaUnmediated 2rdacarrieravolume aThesis (Ph.D)-Cairo University, 1994. aBibliography: pages 155-171.  0aInternal Medicine And Geriatrics 0 aAzza A. Abdl Hadyethesis advisor.0 aM. Reda Awadethesis advisor. DDepartment of Internal Medicine And Geriatrics FFaculty of Physical Therapy UCairo Universityb1994cAzza A. Abdl HadycM. Reda Awad aEman El gebaly  2ddccTHe21n0 c180654